000 01313nam a2200361 i 4500
001 000042766
003 DO-SdBNP
005 20250716114652.0
007 ta
008 140207s2011 dr a 000 0 spa d
020 _a9789945853384
040 _aDO-SdBNP
_bspa
_cBNPHU
_erda
041 _aspa
082 4 _a781.63
_bD542r
_222
100 _aDíaz, Rossy,
_eautor
_4aut.
_970108
245 1 0 _aRumbas barriales :
_baproximaciones al análisis del merengue "de calle" /
_cRossy Díaz ; prólogo, Roldán Mármol H.
250 _aPrimera edición
264 1 _aSanto Domingo, República Dominicana :
_bEditorial Seña,
_c2011.
300 _a50 páginas :
_bilustraciones ;
_c21 cm.
336 _atexto
_btxt
_2rdacontent
337 _asin mediación
_bn
_2rdamedia
338 _avolumen
_bnc
_2rdacarrier
490 0 _aDesacato
500 _aIncluye referencias bibliográficas y notas al pie de las páginas
504 _aBibliografía: páginas 49-50
590 _aInventariado, 2018/LP
650 4 _aMerengue (música)
_zRepública Dominicana
_xHistoria
_942976
650 4 _aMúsica bailable dominicana
_91103
650 4 _aMúsica popular
_zRepública Dominicana
_91323
700 1 _aMármol H., Roldán,
_eprologuista
_4pr.
_970109
910 _aValidado. Control de calidad MFF
942 _2ddc
_cLF2
999 _c42255
_d42255